Who Am I? - Statistics

General Stats
  • This quiz has been taken 17 times
  • The average score is 4 of 15
Answer Stats
Hint Answer % Correct
Who Played "The Joker" in Joker (2019)? Joaquin Phoenix
82%
When did the Wall Street Stock Market crash occur? 1929
36%
Who is the greatest lawyer? Phoenix Wright
18%
Who helped get a mans life back on track? Phoenix Wright
18%
Who inspired Steven Speilberg? Phoenix Wright
18%
Who got Andrew Ryan to create an underwater Utopia? Phoenix Wright
18%
Who aced his attorneyness? Phoenix Wright
18%
Who sunk the battleship? Phoenix Wright
18%
Who sees what the rock is cooking? Phoenix Wright
18%
Who rescued monkeys from an exhibit on fire? Phoenix Wright
18%
Who is the real slim shady? Phoenix Wright
18%
Who led the battle? Phoenix Wright
18%
Who slayed the beast terrorising a local village? Phoenix Wright
18%
Who is most definetely Australian in Origin? Phoenix Wright
18%
Who touched down in Paris? Phoenix Wright
18%
No matching quizzes found
Score Distribution
Percent of People with Each Score
Percentile by Number Answered
Your Score History
You have not taken this quiz